Zeeland or New Zealand? - Statistics

General Stats
  • This quiz has been taken 88 times
  • The average score is 9 of 13
Answer Stats
Question Answer % Correct
Which land borders the Tasman Sea? New Zealand
100%
Where is the currency the dollar? New Zealand
91%
There are active volcanoes New Zealand
87%
Cars drive on the left side of the road New Zealand
87%
The flag features blue and white waves Zeeland
87%
Which was bombed during a WWII battle? Zeeland
87%
A fort in Taiwan was named after this place Zeeland
78%
Which has the greater population density? Zeeland
74%
Its motto is luctor et emergo (I struggle and emerge) Zeeland
70%
Between 46% and 49% of the population claims no religion both
43%
Hundreds of years ago the inhabitants worshipped the goddess Nehalennia, who protects people who travel by sea Zeeland
39%
The head of state is a monarch both
35%
The largest city is the capital neither
13%
No matching quizzes found
Score Distribution
Percent of People with Each Score
Percentile by Number Answered
Your Score History
You have not taken this quiz